BIBLIOTECA PODER JUDICIAL
Portal Judicial TDF

Competencia material de los Juzgados de Familia / (Registro nro. 5790)

000 -LEADER
fixed length control field 01059nab a22002297a 4500
003 - CONTROL NUMBER IDENTIFIER
control field OSt
005 - DATE AND TIME OF LATEST TRANSACTION
control field 20260106191914.0
008 - FIXED-LENGTH DATA ELEMENTS--GENERAL INFORMATION
fixed length control field 190514b xxu||||| |||| 00| 0 spa d
040 ## - CATALOGING SOURCE
Transcribing agency PJ
100 ## - MAIN ENTRY--PERSONAL NAME
9 (RLIN) 4225
Personal name Pauletti, Ana Clara
245 10 - TITLE STATEMENT
Title Competencia material de los Juzgados de Familia /
Statement of responsibility, etc Ana Clara Pauletti, Jorge L. Pontelli.
300 ## - PHYSICAL DESCRIPTION
Extent p. 11-23
505 ## - FORMATTED CONTENTS NOTE
Formatted contents note Sumario: I. Planteo: problemas en los límites difusos de la competencia material.— II. Competencia material: delimitación por el objeto litigioso para los casos de duda.— III. Fuero especial vs. fuero de atracción del sucesorio.— IV. Cierre.
505 ## - FORMATTED CONTENTS NOTE
Title Si te interesa el texto, comunicate a koha@justierradelfuego.gov.ar
650 #0 - SUBJECT ADDED ENTRY--TOPICAL TERM
9 (RLIN) 967
Topical term or geographic name as entry element DERECHO DE FAMILIA
650 #0 - SUBJECT ADDED ENTRY--TOPICAL TERM
Topical term or geographic name as entry element PROCESOS DE FAMILIA
9 (RLIN) 3874
650 #0 - SUBJECT ADDED ENTRY--TOPICAL TERM
Topical term or geographic name as entry element JUZGADO DE FAMILIA
9 (RLIN) 6696
650 #0 - SUBJECT ADDED ENTRY--TOPICAL TERM
Topical term or geographic name as entry element COMPETENCIA DE FAMILIA
9 (RLIN) 6697
700 ## - ADDED ENTRY--PERSONAL NAME
9 (RLIN) 6698
Personal name Pontelli, Jorge L.
Función coautor
773 0# - HOST ITEM ENTRY
Host Biblionumber 2844
Host Itemnumber 3222
Place, publisher, and date of publication Buenos Aires : AbeledoPerrot, 1989-
Title Derecho de familia. N° 116 - Septiembre 2024
International Standard Book Number 18511201
942 ## - ADDED ENTRY ELEMENTS (KOHA)
Source of classification or shelving scheme
Koha item type Analítica Artículo de Revista

No hay ítems disponibles.

12 de Octubre 789 Ushuaia - Tel:  54(02901)441571
Horario de Atención: 8.00 a 17.00 hs. 
bibliotecaush@justierradelfuego.gov.ar
koha@justierradelfuego.gov.ar
Seguinos en nuestras redes @bibliojustdf 

Con tecnología Koha